|
|
|
|
| LEADER |
00000nam a22000007a 4500 |
| 005 |
20171123161617.0 |
| 007 |
cr|||| |||| |
| 008 |
171123s2017 bl |||||s|||| 00||0 por d |
| 020 |
|
|
|a 978-85-361-9216-1
|
| 035 |
|
|
|a 20923
|
| 040 |
|
|
|a vLex
|
| 090 |
|
|
|c 7248
|d 7248
|
| 100 |
1 |
|
|a Amorim Junior, Clb̌er Nilson
|
| 245 |
1 |
0 |
|a Seguranȧ e sad︢e no trabalho
|h [Recurso electrn̤ico]:
|b Princp̕ios Norteadores /
|c Clb̌er Nilson Amorim Junior
|
| 256 |
|
|
|a Servicio en ln̕ea
|
| 260 |
|
|
|a Sô Paulo:
|b LTR,
|c 2017
|
| 300 |
|
|
|a 1 recurso electrn̤ico
|
| 506 |
1 |
|
|a Disponible solo en los productos indicados
|d vLex Global
|d vLex Global (Academic Edition, excluding Law Schools)
|d vLex Global (U.S. Academic Edition, Law Schools)
|d vLex Global (U.S. Academic Edition, excluding Law Schools)
|d vLex Global (Academic Edition, Law Schools)
|
| 650 |
0 |
4 |
|a Derecho Laboral
|z Brasil
|
| 650 |
0 |
4 |
|a Seguridad Social
|z Brasil
|
| 740 |
0 |
|
|a vLex Libros (Servicio en ln̕ea)
|
| 856 |
4 |
0 |
|u http://vlex.com/source/seguran-a-saude-trabalho-20923
|z Acceso restringido
|
| 942 |
|
|
|c BOOK
|
| 999 |
0 |
|
|a Labor laws and legislation
|
| 999 |
0 |
|
|a Social security
|